[Event "DEM U16 2018"]
[Site "Willingen GER"]
[Date "2018.05.23"]
[Round "5"]
[White "Kuznecovs, Nikita"]
[Black "Roseneck, Jonas"]
[Result "1-0"]
[Termination "normal"]
[Board "3"]
[WhiteElo "2266"]
[BlackElo "2183"]
[WhiteClock "00:10:30"]
[BlackClock "00:10:52"]
[PlyCount "171"]
[WhiteFideId "11604557"]
[BlackFideId "12939870"]
[EventCountry "GER"]
[EventRounds "9"]
[EventType "swiss"]
[EventDate "2018.05.19"]

1. c4 {[%clk 1:30:57]} 1... e5 {[%clk 1:30:42]} 2. g3 {[%clk 1:31:19]} 2... Nf6
{[%clk 1:31:06]} 3. Bg2 {[%clk 1:31:34]} 3... d5 {[%clk 1:31:31]} 4. cxd5 {
[%clk 1:31:59]} 4... Nxd5 {[%clk 1:31:56]} 5. Nf3 {[%clk 1:32:23]} 5... Nc6 {
[%clk 1:32:23]} 6. d3 {[%clk 1:32:47]} 6... Be7 {[%clk 1:31:28]} 7. O-O { [%clk
1:33:10]} 7... O-O {[%clk 1:30:21]} 8. a3 {[%clk 1:33:30]} 8... Re8 { [%clk
1:27:16]} 9. b4 {[%clk 1:33:24]} 9... Bf8 {[%clk 1:27:40]} 10. Bb2 { [%clk
1:33:46]} 10... Nb6 {[%clk 1:24:42]} 11. Nbd2 {[%clk 1:32:25]} 11... g6 { [%clk
1:20:06]} 12. Rc1 {[%clk 1:24:56]} 12... Nd4 {[%clk 1:12:43]} 13. Nxe5 { [%clk
1:10:16]} 13... Bg7 {[%clk 0:48:02]} 14. Bxd4 {[%clk 1:01:28]} 14... Qxd4
{[%clk 0:48:30]} 15. Nec4 {[%clk 1:01:49]} 15... Bg4 {[%clk 0:38:06]} 16. Nf3 {
[%clk 1:00:27]} 16... Qd7 {[%clk 0:37:59]} 17. Ne3 {[%clk 0:56:41]} 17... Be6 {
[%clk 0:27:19]} 18. Ng5 {[%clk 0:56:39]} 18... c6 {[%clk 0:26:22]} 19. Bf3 {
[%clk 0:41:34]} 19... Bh6 {[%clk 0:23:59]} 20. Ne4 {[%clk 0:41:25]} 20... Qe7 {
[%clk 0:24:21]} 21. Rb1 {[%clk 0:36:39]} 21... Rad8 {[%clk 0:18:19]} 22. Qc2 {
[%clk 0:32:24]} 22... Bh3 {[%clk 0:14:52]} 23. Ng2 {[%clk 0:30:44]} 23... Nd5 {
[%clk 0:15:02]} 24. Qc5 {[%clk 0:30:02]} 24... f5 {[%clk 0:14:22]} 25. Qxe7 {
[%clk 0:29:34]} 25... Rxe7 {[%clk 0:14:50]} 26. Nc5 {[%clk 0:29:40]} 26... Nc3
{[%clk 0:14:47]} 27. Rb2 {[%clk 0:29:34]} 27... Nb5 {[%clk 0:11:15]} 28. a4 {
[%clk 0:20:28]} 28... Nd4 {[%clk 0:11:41]} 29. Rd1 {[%clk 0:20:35]} 29... g5 {
[%clk 0:08:15]} 30. Bh5 {[%clk 0:16:24]} 30... g4 {[%clk 0:08:13]} 31. Re1 {
[%clk 0:11:36]} 31... Kg7 {[%clk 0:06:37]} 32. Nh4 {[%clk 0:11:33]} 32... Bg5 {
[%clk 0:06:31]} 33. Nxf5+ {[%clk 0:08:44]} 33... Nxf5 {[%clk 0:07:00]} 34. Ne4
{[%clk 0:08:10]} 34... Kh6 {[%clk 0:07:03]} 35. f4 {[%clk 0:08:31]} 35... Bxf4
{[%clk 0:05:28]} 36. gxf4 {[%clk 0:08:29]} 36... Kxh5 {[%clk 0:05:56]} 37. b5 {
[%clk 0:05:55]} 37... c5 {[%clk 0:02:50]} 38. b6 {[%clk 0:06:08]} 38... a6 {
[%clk 0:02:23]} 39. Rc1 {[%clk 0:05:00]} 39... Rc8 {[%clk 0:02:03]} 40. Rxc5 {
[%clk 0:03:31]} 40... Rxc5 {[%clk 0:01:45]} 41. Nxc5 {[%clk 0:03:58]} 41... Ne3
{[%clk 0:25:07]} 42. Nxa6 {[%clk 0:33:13]} 42... Rf7 {[%clk 0:25:23]} 43. Rb5+
{[%clk 0:33:27]} 43... Kh4 {[%clk 0:24:20]} 44. Kf2 {[%clk 0:33:12]} 44... Nd1+
{[%clk 0:24:32]} 45. Ke1 {[%clk 0:33:13]} 45... Nc3 {[%clk 0:24:58]} 46. Rb4 {
[%clk 0:30:55]} 46... Nd5 {[%clk 0:20:39]} 47. Rd4 {[%clk 0:29:12]} 47... Nxb6
{[%clk 0:17:31]} 48. Nc5 {[%clk 0:26:49]} 48... Nc8 {[%clk 0:15:57]} 49. Kf2 {
[%clk 0:26:52]} 49... Kh5 {[%clk 0:12:14]} 50. a5 {[%clk 0:24:32]} 50... Na7 {
[%clk 0:11:09]} 51. Rd5+ {[%clk 0:23:07]} 51... Kg6 {[%clk 0:10:46]} 52. e3 {
[%clk 0:23:06]} 52... Rc7 {[%clk 0:09:03]} 53. Kg3 {[%clk 0:20:11]} 53... h5 {
[%clk 0:07:14]} 54. Rg5+ {[%clk 0:20:31]} 54... Kh6 {[%clk 0:07:39]} 55. Kh4 {
[%clk 0:20:39]} 55... Bf1 {[%clk 0:07:13]} 56. Rxh5+ {[%clk 0:21:03]} 56... Kg6
{[%clk 0:07:21]} 57. Rg5+ {[%clk 0:21:23]} 57... Kf6 {[%clk 0:07:43]} 58. Kxg4
{[%clk 0:19:07]} 58... Be2+ {[%clk 0:08:08]} 59. Kg3 {[%clk 0:19:25]} 59... Nc6
{[%clk 0:08:16]} 60. Ne4+ {[%clk 0:18:27]} 60... Kf7 {[%clk 0:08:18]} 61. d4 {
[%clk 0:16:06]} 61... Re7 {[%clk 0:08:00]} 62. Nd6+ {[%clk 0:16:18]} 62... Kf6
{[%clk 0:07:45]} 63. d5 {[%clk 0:15:37]} 63... Nxa5 {[%clk 0:06:36]} 64. e4 {
[%clk 0:16:00]} 64... Rh7 {[%clk 0:06:59]} 65. e5+ {[%clk 0:15:41]} 65... Ke7 {
[%clk 0:07:29]} 66. Nf5+ {[%clk 0:16:02]} 66... Kf8 {[%clk 0:07:51]} 67. e6 {
[%clk 0:15:57]} 67... Nc4 {[%clk 0:07:35]} 68. d6 {[%clk 0:15:30]} 68... Nxd6 {
[%clk 0:07:13]} 69. Nxd6 {[%clk 0:15:53]} 69... Ke7 {[%clk 0:07:36]} 70. Nxb7 {
[%clk 0:12:28]} 70... Kxe6 {[%clk 0:08:05]} 71. Nc5+ {[%clk 0:12:51]} 71... Kf7
{[%clk 0:08:13]} 72. Ne4 {[%clk 0:10:45]} 72... Rh8 {[%clk 0:08:26]} 73. Re5 {
[%clk 0:09:58]} 73... Bd3 {[%clk 0:08:12]} 74. Ng5+ {[%clk 0:10:05]} 74... Kg6
{[%clk 0:08:36]} 75. Rd5 {[%clk 0:10:15]} 75... Bf5 {[%clk 0:08:47]} 76. Rd6+ {
[%clk 0:10:10]} 76... Kg7 {[%clk 0:09:07]} 77. Ra6 {[%clk 0:09:01]} 77... Rb8 {
[%clk 0:09:10]} 78. Ra3 {[%clk 0:09:21]} 78... Kg6 {[%clk 0:08:37]} 79. Nf3 {
[%clk 0:09:44]} 79... Rb1 {[%clk 0:08:34]} 80. Nh4+ {[%clk 0:09:54]} 80... Kf6
{[%clk 0:08:48]} 81. Ra6+ {[%clk 0:09:52]} 81... Be6 {[%clk 0:09:17]} 82. f5 {
[%clk 0:10:00]} 82... Rb3+ {[%clk 0:09:44]} 83. Kg4 {[%clk 0:10:25]} 83... Rb4+
{[%clk 0:09:57]} 84. Kh5 {[%clk 0:10:50]} 84... Rxh4+ {[%clk 0:10:23]} 85. Kxh4
{[%clk 0:11:13]} 85... Kxf5 {[%clk 0:10:52]} 86. Kh5 {[%clk 0:10:30]} 1-0

[Event "DEM U16 2018"]
[Site "Willingen GER"]
[Date "2018.05.23"]
[Round "5"]
[White "Knüdel, Torben"]
[Black "Kopylov, Daniel"]
[Result "0-1"]
[Termination "normal"]
[Board "4"]
[WhiteElo "2034"]
[BlackElo "2298"]
[WhiteClock "00:26:25"]
[BlackClock "00:37:56"]
[PlyCount "62"]
[WhiteFideId "16208820"]
[BlackFideId "12921971"]
[EventCountry "GER"]
[EventRounds "9"]
[EventType "swiss"]
[EventDate "2018.05.19"]

1. e4 {[%clk 1:30:56]} 1... c5 {[%clk 1:30:22]} 2. Nf3 {[%clk 1:31:15]} 2... d6
{[%clk 1:30:36]} 3. Bb5+ {[%clk 1:31:39]} 3... Bd7 {[%clk 1:30:43]} 4. Bxd7+ {
[%clk 1:32:02]} 4... Qxd7 {[%clk 1:30:49]} 5. c4 {[%clk 1:32:26]} 5... Nf6 {
[%clk 1:31:03]} 6. Nc3 {[%clk 1:32:50]} 6... Nc6 {[%clk 1:30:07]} 7. O-O {
[%clk 1:32:18]} 7... e6 {[%clk 1:25:00]} 8. d4 {[%clk 1:31:06]} 8... cxd4 {
[%clk 1:25:22]} 9. Nxd4 {[%clk 1:31:34]} 9... Be7 {[%clk 1:25:42]} 10. f3 {
[%clk 1:28:53]} 10... Rc8 {[%clk 1:24:39]} 11. Nde2 {[%clk 1:27:43]} 11... O-O
{[%clk 1:24:25]} 12. Be3 {[%clk 1:25:51]} 12... Rfd8 {[%clk 1:22:10]} 13. Qd2 {
[%clk 1:21:08]} 13... d5 {[%clk 1:15:45]} 14. cxd5 {[%clk 1:10:39]} 14... exd5
{[%clk 1:12:22]} 15. Rfd1 {[%clk 1:09:53]} 15... Qe8 {[%clk 1:01:20]} 16. exd5
{[%clk 1:00:49]} 16... Bb4 {[%clk 1:00:58]} 17. Nf4 {[%clk 0:50:24]} 17... Ne5
{[%clk 0:51:43]} 18. Qf2 {[%clk 0:47:26]} 18... Neg4 {[%clk 0:50:14]} 19. fxg4
{[%clk 0:47:49]} 19... Nxg4 {[%clk 0:50:37]} 20. Qg3 {[%clk 0:46:33]} 20...
Qxe3+ {[%clk 0:50:05]} 21. Qxe3 {[%clk 0:46:07]} 21... Nxe3 {[%clk 0:50:32]}
22. Rd3 {[%clk 0:45:33]} 22... Nc4 {[%clk 0:49:14]} 23. Ne4 {[%clk 0:43:55]}
23... Re8 {[%clk 0:46:41]} 24. Nf2 {[%clk 0:41:43]} 24... Bd6 {[%clk 0:45:57]}
25. Nh5 {[%clk 0:35:25]} 25... Bc5 {[%clk 0:40:53]} 26. Rg3 {[%clk 0:33:38]}
26... Re2 {[%clk 0:38:20]} 27. Rxg7+ {[%clk 0:32:59]} 27... Kf8 {[%clk 0:38:12]
} 28. Rxh7 {[%clk 0:27:18]} 28... Bxf2+ {[%clk 0:37:49]} 29. Kf1 { [%clk
0:27:29]} 29... Rc2 {[%clk 0:38:05]} 30. Rh8+ {[%clk 0:27:10]} 30... Ke7 {[%clk
0:38:28]} 31. Re1+ {[%clk 0:26:25]} 31... Ne3+ {[%clk 0:37:56]} 0-1

[Event "DEM U16 2018"]
[Site "Willingen GER"]
[Date "2018.05.23"]
[Round "5"]
[White "Schmider, Niklas"]
[Black "Mütsch, Annmarie"]
[Result "0-1"]
[Termination "normal"]
[Board "5"]
[WhiteElo "2169"]
[BlackElo "2145"]
[WhiteClock "00:06:09"]
[BlackClock "00:12:22"]
[PlyCount "90"]
[WhiteFideId "12993778"]
[BlackFideId "12971367"]
[EventCountry "GER"]
[EventRounds "9"]
[EventType "swiss"]
[EventDate "2018.05.19"]

1. e4 {[%clk 1:30:57]} 1... c5 {[%clk 1:30:48]} 2. Nf3 {[%clk 1:31:19]} 2... e6
{[%clk 1:30:50]} 3. d4 {[%clk 1:31:41]} 3... cxd4 {[%clk 1:31:15]} 4. Nxd4 {
[%clk 1:32:04]} 4... Nc6 {[%clk 1:31:27]} 5. Nc3 {[%clk 1:32:27]} 5... Qc7 {
[%clk 1:31:26]} 6. Be3 {[%clk 1:32:44]} 6... a6 {[%clk 1:31:39]} 7. Bd3 { [%clk
1:30:09]} 7... Nf6 {[%clk 1:31:11]} 8. O-O {[%clk 1:30:19]} 8... Nxd4 { [%clk
1:30:27]} 9. Bxd4 {[%clk 1:30:32]} 9... Bc5 {[%clk 1:30:42]} 10. Be2 { [%clk
1:30:55]} 10... e5 {[%clk 1:21:56]} 11. Bxc5 {[%clk 1:27:48]} 11... Qxc5 {[%clk
1:22:24]} 12. Qd3 {[%clk 1:27:33]} 12... b5 {[%clk 1:17:04]} 13. Rfd1 { [%clk
1:21:49]} 13... Bb7 {[%clk 1:14:31]} 14. Nd5 {[%clk 1:11:18]} 14... Nxd5 {[%clk
1:06:07]} 15. exd5 {[%clk 1:11:41]} 15... d6 {[%clk 1:05:57]} 16. a4 { [%clk
1:00:05]} 16... b4 {[%clk 0:59:14]} 17. c3 {[%clk 0:53:16]} 17... O-O { [%clk
0:54:27]} 18. Rac1 {[%clk 0:43:45]} 18... Rac8 {[%clk 0:45:51]} 19. Bg4 { [%clk
0:40:51]} 19... Rb8 {[%clk 0:42:23]} 20. cxb4 {[%clk 0:34:00]} 20... Qxb4
{[%clk 0:42:43]} 21. Rc4 {[%clk 0:33:48]} 21... Qa5 {[%clk 0:31:02]} 22. Bd7 {
[%clk 0:29:02]} 22... Qd8 {[%clk 0:28:30]} 23. Bc6 {[%clk 0:27:39]} 23... Bc8 {
[%clk 0:27:58]} 24. b4 {[%clk 0:27:38]} 24... f5 {[%clk 0:27:45]} 25. b5 {
[%clk 0:24:42]} 25... f4 {[%clk 0:27:17]} 26. Rc3 {[%clk 0:22:57]} 26... Bf5 {
[%clk 0:26:54]} 27. Qd2 {[%clk 0:22:51]} 27... a5 {[%clk 0:26:48]} 28. Rb3 {
[%clk 0:22:12]} 28... g5 {[%clk 0:25:23]} 29. h3 {[%clk 0:14:23]} 29... h5 {
[%clk 0:21:53]} 30. f3 {[%clk 0:09:30]} 30... g4 {[%clk 0:16:54]} 31. hxg4 {
[%clk 0:08:33]} 31... hxg4 {[%clk 0:17:17]} 32. fxg4 {[%clk 0:08:44]} 32...
Bxg4 {[%clk 0:16:23]} 33. Rf1 {[%clk 0:08:53]} 33... Rf7 {[%clk 0:12:09]} 34.
g3 {[%clk 0:02:12]} 34... Rg7 {[%clk 0:11:08]} 35. Kf2 {[%clk 0:01:11]} 35...
e4 {[%clk 0:06:59]} 36. Ke1 {[%clk 0:00:57]} 36... e3 {[%clk 0:04:49]} 37. Qd4
{[%clk 0:01:13]} 37... fxg3 {[%clk 0:04:18]} 38. Rxe3 {[%clk 0:01:31]} 38...
Qh4 {[%clk 0:03:59]} 39. Kd2 {[%clk 0:01:42]} 39... g2 {[%clk 0:04:05]} 40.
Rfe1 {[%clk 0:01:29]} 40... Qf2+ {[%clk 0:01:11]} 41. Kc3 {[%clk 0:00:33]}
41... Rf8 {[%clk 0:24:53]} 42. Re8 {[%clk 0:19:43]} 42... Qg3+ {[%clk 0:19:00]}
43. Kb2 {[%clk 0:17:06]} 43... Rgf7 {[%clk 0:17:50]} 44. Kc1 {[%clk 0:06:33]}
44... Qa3+ {[%clk 0:12:30]} 45. Kd2 {[%clk 0:06:09]} 45... Rf2+ {[%clk 0:12:22]
} 0-1

[Event "DEM U16 2018"]
[Site "Willingen GER"]
[Date "2018.05.23"]
[Round "5"]
[White "Baltic, Fatih"]
[Black "Stork, Oliver"]
[Result "1/2-1/2"]
[Termination "normal"]
[Board "6"]
[WhiteTitle "FM"]
[WhiteElo "2135"]
[BlackElo "2195"]
[WhiteClock "00:48:54"]
[BlackClock "00:03:00"]
[PlyCount "71"]
[WhiteFideId "12979090"]
[BlackFideId "12955728"]
[EventCountry "GER"]
[EventRounds "9"]
[EventType "swiss"]
[EventDate "2018.05.19"]

1. e4 {[%clk 1:30:59]} 1... c6 {[%clk 1:30:54]} 2. d4 {[%clk 1:27:23]} 2... d5
{[%clk 1:31:17]} 3. exd5 {[%clk 1:27:50]} 3... cxd5 {[%clk 1:31:41]} 4. Bd3 {
[%clk 1:24:23]} 4... Nc6 {[%clk 1:32:03]} 5. c3 {[%clk 1:24:49]} 5... Qc7 {
[%clk 1:32:18]} 6. Ne2 {[%clk 1:25:11]} 6... Bg4 {[%clk 1:32:38]} 7. O-O {
[%clk 1:24:12]} 7... e6 {[%clk 1:26:45]} 8. Qe1 {[%clk 1:24:07]} 8... Bxe2 {
[%clk 1:11:45]} 9. Qxe2 {[%clk 1:22:24]} 9... Bd6 {[%clk 1:12:09]} 10. Qg4 {
[%clk 1:22:49]} 10... g6 {[%clk 1:03:15]} 11. Qh4 {[%clk 1:23:14]} 11... Be7 {
[%clk 1:01:13]} 12. Qh3 {[%clk 1:20:59]} 12... Nf6 {[%clk 0:54:08]} 13. Nd2 {
[%clk 1:19:25]} 13... O-O-O {[%clk 0:51:50]} 14. Nf3 14... h6 {[%clk 0:38:07]}
15. Re1 {[%clk 1:11:06]} 15... g5 {[%clk 0:37:53]} 16. Ne5 {[%clk 1:11:24]}
16... Nxe5 {[%clk 0:36:40]} 17. dxe5 {[%clk 1:09:41]} 17... Nd7 {[%clk 0:36:59]
} 18. f4 {[%clk 1:07:44]} 18... Kb8 {[%clk 0:32:37]} 19. Kh1 {[%clk 1:04:57]}
19... gxf4 {[%clk 0:27:06]} 20. Bxf4 {[%clk 1:05:05]} 20... Bg5 {[%clk 0:27:18]
} 21. Bg3 {[%clk 1:04:11]} 21... h5 {[%clk 0:27:02]} 22. Re2 {[%clk 0:59:49]}
22... h4 {[%clk 0:10:07]} 23. Bf2 {[%clk 1:00:10]} 23... Bf4 {[%clk 0:05:51]}
24. Qf3 {[%clk 0:52:37]} 24... Bxe5 {[%clk 0:04:41]} 25. Qxf7 {[%clk 0:52:50]}
25... Bxh2 {[%clk 0:04:50]} 26. Qxe6 {[%clk 0:51:55]} 26... Bg3 {[%clk 0:02:37]
} 27. Bd4 {[%clk 0:50:41]} 27... Nc5 {[%clk 0:01:21]} 28. Bxc5 {[%clk 0:49:41]}
28... Qxc5 {[%clk 0:01:46]} 29. Rf1 {[%clk 0:48:39]} 29... Rdf8 {[%clk 0:01:06]
} 30. Rxf8+ {[%clk 0:47:43]} 30... Rxf8 {[%clk 0:01:20]} 31. Bf5 { [%clk
0:47:59]} 31... d4 {[%clk 0:01:14]} 32. Qe8+ {[%clk 0:47:05]} 32... Rxe8 {[%clk
0:01:40]} 33. Rxe8+ {[%clk 0:47:32]} 33... Kc7 {[%clk 0:02:07]} 34. Rc8+ {[%clk
0:47:59]} 34... Kd6 {[%clk 0:02:34]} 35. Rxc5 {[%clk 0:48:26]} 35... Kxc5
{[%clk 0:03:00]} 36. cxd4+ {[%clk 0:48:54]} 1/2-1/2

[Event "DEM U16 2018"]
[Site "Willingen GER"]
[Date "2018.05.23"]
[Round "5"]
[White "Zimmer, Raphael"]
[Black "Yankelevich, Michael"]
[Result "1/2-1/2"]
[Termination "normal"]
[Board "7"]
[WhiteTitle "FM"]
[WhiteElo "2146"]
[BlackElo "1986"]
[WhiteClock "00:13:35"]
[BlackClock "01:33:37"]
[PlyCount "101"]
[WhiteFideId "12978841"]
[BlackFideId "12921440"]
[EventCountry "GER"]
[EventRounds "9"]
[EventType "swiss"]
[EventDate "2018.05.19"]

1. e4 {[%clk 1:30:57]} 1... c5 {[%clk 1:30:33]} 2. Nf3 {[%clk 1:31:08]} 2... e6
{[%clk 1:30:50]} 3. d4 {[%clk 1:31:26]} 3... cxd4 {[%clk 1:30:47]} 4. Nxd4 {
[%clk 1:31:41]} 4... Bc5 {[%clk 1:31:05]} 5. Nb3 {[%clk 1:30:11]} 5... Bb6 {
[%clk 1:31:14]} 6. c4 {[%clk 1:28:48]} 6... Nc6 {[%clk 1:29:12]} 7. Nc3 { [%clk
1:27:55]} 7... Nge7 {[%clk 1:29:12]} 8. c5 {[%clk 1:23:38]} 8... Bc7 { [%clk
1:28:05]} 9. Nb5 {[%clk 1:20:51]} 9... O-O {[%clk 1:26:35]} 10. Bc4 { [%clk
1:10:05]} 10... a6 {[%clk 1:24:42]} 11. Nxc7 {[%clk 1:05:43]} 11... Qxc7 {[%clk
1:23:43]} 12. O-O {[%clk 1:05:33]} 12... f5 {[%clk 1:20:08]} 13. exf5 { [%clk
0:53:18]} 13... Nxf5 {[%clk 1:19:02]} 14. Re1 {[%clk 0:53:14]} 14... b6 { [%clk
1:18:14]} 15. cxb6 {[%clk 0:50:30]} 15... Qxb6 {[%clk 1:18:25]} 16. Be3 { [%clk
0:46:54]} 16... Nxe3 {[%clk 1:16:35]} 17. Rxe3 {[%clk 0:46:26]} 17... Na5
{[%clk 1:16:07]} 18. Nxa5 {[%clk 0:44:43]} 18... Qxa5 {[%clk 1:16:24]} 19. Qd6
{[%clk 0:44:05]} 19... Qg5 {[%clk 1:12:11]} 20. Rd1 {[%clk 0:33:27]} 20... Qf4
{[%clk 1:10:37]} 21. Qxf4 {[%clk 0:33:25]} 21... Rxf4 {[%clk 1:10:56]} 22. Bb3
{[%clk 0:33:32]} 22... a5 {[%clk 1:10:04]} 23. Rc3 {[%clk 0:25:38]} 23... Kf8 {
[%clk 1:08:14]} 24. Bxe6 {[%clk 0:24:29]} 24... dxe6 {[%clk 1:06:24]} 25. Rd8+
{[%clk 0:24:49]} 25... Ke7 {[%clk 1:06:49]} 26. Rdxc8 {[%clk 0:25:11]} 26...
Rxc8 {[%clk 1:06:31]} 27. Rxc8 {[%clk 0:25:30]} 27... Rd4 {[%clk 1:06:58]} 28.
g3 {[%clk 0:24:21]} 28... Rd2 {[%clk 1:07:17]} 29. Rb8 {[%clk 0:24:40]} 29...
e5 {[%clk 1:07:02]} 30. a4 {[%clk 0:12:56]} 30... Kf6 {[%clk 1:05:48]} 31. b4 {
[%clk 0:10:41]} 31... axb4 {[%clk 1:06:02]} 32. Rxb4 {[%clk 0:11:00]} 32... Ra2
{[%clk 1:06:20]} 33. Kg2 {[%clk 0:09:25]} 33... h5 {[%clk 1:05:49]} 34. h3 {
[%clk 0:07:44]} 34... g6 {[%clk 1:04:38]} 35. Kf3 {[%clk 0:06:02]} 35... Kf5 {
[%clk 1:04:28]} 36. g4+ {[%clk 0:05:05]} 36... hxg4+ {[%clk 1:04:21]} 37. hxg4+
{[%clk 0:05:24]} 37... Kg5 {[%clk 1:04:38]} 38. Re4 {[%clk 0:05:03]} 38... Ra3+
{[%clk 1:04:52]} 39. Ke2 {[%clk 0:04:41]} 39... Kh4 {[%clk 1:04:44]} 40. Kd2 {
[%clk 0:01:00]} 40... Ra2+ {[%clk 1:04:31]} 41. Kc3 {[%clk 0:29:21]} 41... Rxf2
{[%clk 1:34:54]} 42. Kc4 {[%clk 0:29:02]} 42... Rf4 {[%clk 1:32:30]} 43. Kd5 {
[%clk 0:26:10]} 43... Kxg4 {[%clk 1:32:35]} 44. Kxe5 {[%clk 0:22:22]} 44... g5
{[%clk 1:32:39]} 45. a5 {[%clk 0:22:37]} 45... Kg3 {[%clk 1:32:57]} 46. a6 {
[%clk 0:22:00]} 46... Rf8 {[%clk 1:32:49]} 47. Ra4 {[%clk 0:14:22]} 47... g4 {
[%clk 1:32:42]} 48. a7 {[%clk 0:14:23]} 48... Ra8 {[%clk 1:33:10]} 49. Ra3+ {
[%clk 0:14:03]} 49... Kh2 {[%clk 1:33:26]} 50. Ra2+ {[%clk 0:13:35]} 50... Kg3
{[%clk 1:33:37]} 51. Ra3+ 1/2-1/2

[Event "DEM U16 2018"]
[Site "Willingen GER"]
[Date "2018.05.23"]
[Round "5"]
[White "Holinka, Henning"]
[Black "Wong, Gengchun"]
[Result "0-1"]
[Termination "normal"]
[Board "8"]
[WhiteElo "2185"]
[BlackElo "2120"]
[WhiteClock "00:01:40"]
[BlackClock "00:32:35"]
[PlyCount "48"]
[WhiteFideId "12967084"]
[BlackFideId "12963283"]
[EventCountry "GER"]
[EventRounds "9"]
[EventType "swiss"]
[EventDate "2018.05.19"]

1. e4 {[%clk 1:30:50]} 1... c5 {[%clk 1:30:56]} 2. Nf3 {[%clk 1:31:12]} 2... d6
{[%clk 1:31:22]} 3. d4 {[%clk 1:31:33]} 3... cxd4 {[%clk 1:31:47]} 4. Nxd4 {
[%clk 1:31:53]} 4... Nf6 {[%clk 1:32:10]} 5. Nc3 {[%clk 1:32:12]} 5... a6 {
[%clk 1:32:37]} 6. g3 {[%clk 1:32:09]} 6... e5 {[%clk 1:29:53]} 7. Nde2 { [%clk
1:31:32]} 7... Be7 {[%clk 1:30:03]} 8. Bg2 {[%clk 1:31:26]} 8... O-O { [%clk
1:30:21]} 9. O-O {[%clk 1:31:09]} 9... Be6 {[%clk 1:27:14]} 10. Be3 { [%clk
1:18:23]} 10... b5 {[%clk 1:25:37]} 11. a4 {[%clk 1:14:14]} 11... b4 { [%clk
1:25:52]} 12. Nd5 {[%clk 1:12:53]} 12... Bxd5 {[%clk 1:24:54]} 13. exd5 { [%clk
1:13:10]} 13... Nbd7 {[%clk 1:23:44]} 14. a5 {[%clk 1:08:12]} 14... Qc7 { [%clk
1:19:18]} 15. b3 {[%clk 0:57:21]} 15... Rfc8 {[%clk 1:16:31]} 16. Ra2 { [%clk
0:55:57]} 16... Rab8 {[%clk 1:11:13]} 17. Qd3 {[%clk 0:36:17]} 17... Rb5 {[%clk
1:08:14]} 18. Rfa1 {[%clk 0:25:53]} 18... Bf8 {[%clk 1:00:01]} 19. Bb6 { [%clk
0:17:21]} 19... Qb7 {[%clk 0:48:01]} 20. Kf1 {[%clk 0:15:28]} 20... g6 { [%clk
0:44:06]} 21. Rb1 {[%clk 0:08:35]} 21... Nxb6 {[%clk 0:36:00]} 22. axb6 { [%clk
0:07:58]} 22... Qxb6 {[%clk 0:36:10]} 23. Rba1 {[%clk 0:03:30]} 23... Ng4
{[%clk 0:32:22]} 24. Ke1 {[%clk 0:01:40]} 24... Qxf2+ {[%clk 0:32:35]} 0-1